000 00614nam a2200181Ia 4500
003 GCL
008 140319s9999 xx 000 0 ara d
020 _a1465829977
040 _aGCL /
_cGCL
082 0 4 _a370.1931
_bو م
100 1 _aوفيق صفوت مختار
245 1 0 _aالمدرسة والمجتمع 00 والتوافق النفسى للطفل /
_cوفيق صفوت مختار
260 _aالقاهرة :
_bدار العلم والثقافة ،
_c2003
300 _a271 ص ؛
_c24 سم
650 0 4 _aالمدرسة والمجتمع
650 0 4 _aالاطفال - علم نفس
942 _2ddc
_cBK
999 _c5257
_d5257